LEADER 02927nam 2200625 a 450 001 9910461414503321 005 20200520144314.0 010 $a0-8213-8789-8 035 $a(CKB)2670000000113661 035 $a(EBL)765502 035 $a(OCoLC)748242163 035 $a(SSID)ssj0000566836 035 $a(PQKBManifestationID)12194162 035 $a(PQKBTitleCode)TC0000566836 035 $a(PQKBWorkID)10549672 035 $a(PQKB)10968945 035 $a(MiAaPQ)EBC765502 035 $a(PPN)155984209 035 $a(Au-PeEL)EBL765502 035 $a(CaPaEBR)ebr10506412 035 $a(OCoLC)757104443 035 $a(EXLCZ)992670000000113661 100 $a20110408d2011 uy 0 101 0 $aeng 135 $aur|n|---||||| 181 $ctxt 182 $cc 183 $acr 200 10$aPower and people$b[electronic resource] $ethe benefits of renewable energy in Nepal /$fSudeshna Ghosh Banerjee, Avjeet Singh, Hussain Samad 210 $aWashington, D.C. $cWorld Bank$d2011 215 $a1 online resource (140 p.) 225 0 $aWorld Bank study 300 $a"June 2010." 311 $a0-8213-8779-0 320 $aIncludes bibliographical references. 327 $aContents; Acronyms and Abbreviations; Acknowledgments; Executive Summary; Figures; Tables; 1. A Long Road to Expanding Rural Access; 2. Objectives and Methodology of a Monitoring Framework Design for Renewable Energy; 3. Coverage and Attributes of Micro-Hydro for Households and Enterprises; 4. Benefits of Electrification to Rural Households; Boxes; 5. Implementation of the Management Information System (MIS); 6. Action Plan and Way Forward for AEPC; References; Annexes 330 $aThis report is an output of the technical assistance activity carried out over 2008-2010 to Alternative Energy Promotion Center (AEPC), which is the nodal renewable energy agency of Nepal. This study has been designed to establish a monitoring system for AEPC to continually measure the results of the renewable energy programs against the targets and to organize an evaluation system that measures the impact of micro-hydro installations on rural livelihoods. Given AEPC's highly visible role, the need to develop a system that provides information on a wide range of technical, operational, and fin 606 $aRural electrification$zNepal 606 $aRenewable energy sources$zNepal 606 $aRural development$zNepal 608 $aElectronic books. 615 0$aRural electrification 615 0$aRenewable energy sources 615 0$aRural development 676 $a333.79/4095496 700 $aBanerjee$b Sudeshna Ghosh$f1973-$0918529 701 $aSingh$b Avjeet$0918530 701 $aSamad$b Hussain A.$f1963-$0877453 801 0$bMiAaPQ 801 1$bMiAaPQ 801 2$bMiAaPQ 906 $aBOOK 912 $a9910461414503321 996 $aPower and people$92059679 997 $aUNINA LEADER 01069nam a2200313 i 4500 001 991000875569707536 005 20020507175037.0 008 960911s1966 fr ||| | fre 035 $ab10769602-39ule_inst 035 $aLE01303670$9ExL 040 $aDip.to Matematica$beng 082 0 $a515 084 $aAMS 51E15 084 $aQA477.L5 100 1 $aLibois, Paul$042093 245 10$aEspaces affins et espaces projectifs /$cPaul Libois 250 $a[2. ed.] 260 $aBruxelles :$bPresses Univ. Bruxelles ; Paris : Dunod,$c1966 300 $a104 p. ;$c24 cm. 500 $a1st. ed.: 1965 500 $aAt head of title: Introduction à la géométrie 650 4$aAffine geometry 650 4$aProjective spaces 907 $a.b10769602$b02-04-14$c28-06-02 912 $a991000875569707536 945 $aLE013 51E LIB11 (1966)$g1$i2013000059525$lle013$o-$pE0.00$q-$rl$s- $t0$u8$v0$w8$x0$y.i10867922$z28-06-02 996 $aEspaces affins et espaces projectifs$9348637 997 $aUNISALENTO 998 $ale013$b01-01-96$cm$da $e-$ffre$gfr $h0$i1